[Event "Chigorin Memorial Open"]
[Site "St Petersburg RUS"]
[Date "2011.10.16"]
[Round "3.107"]
[White "Mikheev,S"]
[Black "Platonova,L"]
[Result "1-0"]
[WhiteElo "2271"]
[BlackElo "1901"]

1.e4 c5 2.Nf3 d6 3.Bb5+ Bd7 4.Bxd7+ Nxd7 5.O-O Ngf6 6.Qe2 g6 7.c3 Bg7 8.d4 O-O
9.e5 dxe5 10.dxe5 Nd5 11.e6 N7b6 12.exf7+ Kh8 13.Ng5 Qd6 14.Nd2 Qe5 15.Qxe5 Bxe5
16.Ndf3 Bf6 17.Re1 Nc4 18.Rd1 Ndb6 19.Ne6 Rxf7 20.Nxc5 e5 21.b3 Na5 22.Be3 Bg7
23.Rd6 Nc6 24.Nxb7 Rxb7 25.Rxc6 Rd8 26.Ng5 Rbd7 27.g3 Rc8 28.Rxc8+ Nxc8 29.Kf1 Ne7
30.Ke1 Nf5 31.Rd1 Rxd1+ 32.Kxd1 Nxe3+ 33.fxe3 Kg8 34.Ke2 h6 35.Ne6 Bf6 36.Kd3 Kf7
37.Nc7 Bd8 38.Nd5 Ke6 39.Ke4 Kd6 40.c4 a5 41.Nc3 Bf6 42.Na4 Ke6 43.Nb2 Kd6
44.Nd3  1-0

[Event "Chigorin Memorial Open"]
[Site "St Petersburg RUS"]
[Date "2011.10.17"]
[Round "4.42"]
[White "Hamitevici,V"]
[Black "Kuznetsov,N"]
[Result "1-0"]
[WhiteElo "2438"]
[BlackElo "2293"]

1.e4 c5 2.Nf3 d6 3.Bb5+ Nc6 4.O-O Bd7 5.c3 Nf6 6.Re1 a6 7.Ba4 b5 8.Bc2 e5
9.h3 Qb6 10.d3 Be7 11.Be3 O-O 12.d4 Qc7 13.d5 Na5 14.b3 h6 15.Nbd2 Nh7 16.Nf1 Ng5
17.N3h2 Nh7 18.Qh5 Bg5 19.Bxg5 hxg5 20.Re3 Qd8 21.Rg3 Be8 22.Qe2 g6 23.Qd2 Nb7
24.Nf3 f6 25.h4 gxh4 26.Nxh4 g5 27.Bd1 Kh8 28.Nf5 Bg6 29.Bg4 Bxf5 30.Bxf5 Kg7
31.Qe2 Rh8 32.a4 Qe8 33.Rh3 Na5 34.axb5 axb5 35.b4 cxb4 36.cxb4 g4 37.Rxh7+ Rxh7
38.Qxg4+ Kh8 39.Bxh7 Kxh7 40.Ra3  1-0

[Event "ch-CRC 2011"]
[Site "San Jose CRC"]
[Date "2011.10.18"]
[Round "1"]
[White "Munoz,Ca"]
[Black "Gonzalez,Be CRC"]
[Result "0-1"]
[WhiteElo "2017"]
[BlackElo "2433"]

1.e4 c5 2.Nf3 d6 3.Bb5+ Bd7 4.Bxd7+ Nxd7 5.d4 cxd4 6.Qxd4 Ngf6 7.Bg5 g6 8.Nc3 Bg7
9.O-O-O Qa5 10.Kb1 O-O 11.Qd2 Rfc8 12.Nd5 Qxd2 13.Nxd2 Nxd5 14.exd5 Nf6 15.Rhe1 h6
16.Bh4 Kf8 17.Ne4 Nxe4 18.Rxe4 g5 19.Bg3 f5 20.Rb4 f4 21.Bxf4 gxf4 22.Rxf4+ Bf6
23.h4 Kg7 24.g3 Rc5 25.c3 Rac8 26.Re4 Rc4 27.Rxc4 Rxc4 28.Kc2 Kg6 29.Kd3 b5
30.a3 Kf5 31.f3 Be5 32.f4 Bf6 33.Ke3 Kg4 34.Kf2 a5  0-1

[Event "Chigorin Memorial Open"]
[Site "St Petersburg RUS"]
[Date "2011.10.19"]
[Round "6.43"]
[White "Hamitevici,V"]
[Black "Goryachkina,A"]
[Result "0-1"]
[WhiteElo "2438"]
[BlackElo "2248"]

1.e4 c5 2.Nf3 d6 3.Bb5+ Bd7 4.Bxd7+ Qxd7 5.c4 Nf6 6.Nc3 g6 7.O-O Bg7 8.d4 cxd4
9.Nxd4 O-O 10.f3 Rc8 11.b3 d5 12.Nxd5 e6 13.Ne3 Nxe4 14.Bb2 Nc5 15.Nec2 a6
16.Qe2 e5  0-1

[Event "Chigorin Memorial Open"]
[Site "St Petersburg RUS"]
[Date "2011.10.20"]
[Round "7.80"]
[White "Ivkina,O"]
[Black "Bratus,P"]
[Result "1-0"]
[WhiteElo "2296"]
[BlackElo "2119"]

1.e4 c5 2.Nf3 d6 3.Bb5+ Bd7 4.Bxd7+ Qxd7 5.O-O Nc6 6.c3 Nf6 7.d4 Nxe4 8.d5 Ne5
9.Nxe5 dxe5 10.Be3 e6 11.dxe6 Qxe6 12.Qa4+ Qc6 13.Qxc6+ bxc6 14.Na3 O-O-O
15.Nc4 Rd5 16.a4 Be7 17.f3 Ng5 18.b4 Ne6 19.Na5 Nd8 20.b5 Rd3 21.Bf2 Rxc3
22.bxc6 Kc7 23.Rab1 Re8 24.Rfd1 Nxc6 25.Be1 Rc2 26.Rb7+ Kc8 27.Rdd7 Rd8 28.Rdc7+  1-0

[Event "Chigorin Memorial Open"]
[Site "St Petersburg RUS"]
[Date "2011.10.20"]
[Round "7.98"]
[White "Kuznetsov,N"]
[Black "Klepikov,N"]
[Result "1-0"]
[WhiteElo "2293"]
[BlackElo "1992"]

1.e4 c5 2.Nf3 d6 3.Bb5+ Nc6 4.O-O Nf6 5.Re1 Bd7 6.c3 a6 7.Ba4 b5 8.Bc2 e5
9.h3 Rc8 10.a4 Be7 11.Na3 Qa5 12.Qe2 Rb8 13.d3 O-O 14.Bg5 Qc7 15.axb5 axb5
16.d4 b4 17.dxe5 Nxe5 18.Nc4 Bb5 19.Nfd2 Rfe8 20.f4 Nxc4 21.Nxc4 Nd7 22.Bxe7 Rxe7
23.Qd3 Nf6 24.b3 Rbe8 25.Qxd6 Bxc4 26.Qxc7 Rxc7 27.bxc4 bxc3 28.e5 Nh5 29.f5 h6
30.Re3 Rce7 31.Rae1 Nf6 32.Ba4 Ra8 33.Bc6 Rb8 34.Rxc3 Nd7 35.e6 fxe6 36.fxe6 Nf8
37.Bd5 Rb6 38.Rce3 g6 39.Kf2 Kg7 40.Kg3 Kg8 41.Rf1 Kg7 42.Rf7+ Rxf7 43.exf7 Rf6
44.Re8 Nd7 45.Rg8+ Kh7 46.Rd8  1-0

[Event "III Tancat IM"]
[Site "Barcelona ESP"]
[Date "2011.10.22"]
[Round "4"]
[White "Ryan,Jo"]
[Black "Sanchez Ibern,M"]
[Result "1/2-1/2"]
[WhiteElo "2288"]
[BlackElo "2337"]

1.e4 c5 2.Nf3 d6 3.Bb5+ Bd7 4.Bxd7+ Qxd7 5.c4 Qg4 6.O-O Qxe4 7.d4 Qc6 8.dxc5 Qxc5
9.Nc3 Qxc4 10.Re1 e6 11.Ne4 Nf6 12.Nxd6+ Bxd6 13.Qxd6 Qa6 14.Qg3 O-O 15.Bh6 Ne8
16.Re4 Kh8 17.Be3 Nd7 18.Rh4 Nef6 19.Bd4 Rac8 20.Ng5 e5 21.Bxe5 Nxe5 22.Qxe5 Qxa2
23.Rf1 Qa6 24.Qf5 g6 25.Qh3 Kg7 26.Rxh7+ Nxh7 27.Qxh7+ Kf6 28.Qh4 Qc4 29.Nh7+ Kg7
30.Qxc4 Rxc4 31.Nxf8 Kxf8 32.f3 a5 33.g4 b5 34.Rf2 b4 35.Re2 Rc1+ 36.Kf2 Rh1
37.Ke3 b3 38.Kd4 Kg7 39.Kc3 a4 40.Kb4  1/2-1/2

[Event "TCh-SUI 2011"]
[Site "Lausanne SUI"]
[Date "2011.10.22"]
[Round "8.8"]
[White "Maier,C"]
[Black "Wagner,Ch"]
[Result "1/2-1/2"]
[WhiteElo "2367"]
[BlackElo "2202"]

1.e4 c5 2.Nf3 d6 3.Bb5+ Nd7 4.c3 Nf6 5.d3 a6 6.Ba4 b5 7.Bc2 Bb7 8.Nbd2 Rc8
9.O-O Qc7 10.Re1 g6 11.a4 Bg7 12.axb5 axb5 13.h3 O-O 14.Nf1 e5 15.Bg5 h6
16.Bd2 d5 17.Ng3 dxe4 18.dxe4 c4 19.b4 cxb3 20.Bxb3 Nc5 21.Bc2 Ne6 22.Qb1 Bc6
23.Be3 Ra8 24.Qb3 Nd7 25.Nd2 Nd4 26.cxd4 exd4 27.Rxa8 Rxa8 28.Bxh6 Bxh6 29.Nf3 Bg7
30.Qb4 Qa5 31.Rb1 Qa2 32.Bd3 Ne5 33.Nxe5 Bxe5 34.Nf1 Qe6 35.Nd2 Bg7 36.Bxb5 Rb8
37.Qc5 Bxe4 38.Re1 Qd5 39.Nxe4 Rxb5 40.Qc8+ Kh7 41.h4 f6 42.Qc7 Qe5 43.Ng5+ fxg5
44.Rxe5 Rxe5 45.hxg5 Rxg5 46.f4 Rd5 47.Qc6 Rd8 48.Qb6 Rd5 49.Qe6 Rf5 50.g3 Rf6
51.Qd7 Rf5 52.Kg2 Rf8 53.Kf3 Rf5 54.Ke4 Rf8 55.Kd3 Rf5 56.Qb7 Rf6 57.Qh1+ Kg8
58.Qd5+ Rf7 59.Qe6 Bf6 60.g4 Kg7 61.g5 Be7 62.Qe5+ Kh7 63.Qe6 Rg7 64.Kxd4 Bf8
65.Qh3+ Kg8 66.Qe6+ Kh7 67.f5 gxf5 68.Qxf5+ Kg8 69.Qd5+ Kh7 70.Ke4 Be7 71.Qf5+ Rg6
72.Qf7+ Rg7 73.Qh5+ Kg8 74.g6 Bf8 75.Qd5+ Kh8 76.Kf5 Re7 77.Kf6 Rg7 78.Qa8 Kg8
79.Qd8 Re7 80.Qd5+ Kh8 81.Qd6 Kg8 82.Qh2 Rg7 83.Qa2+ Kh8 84.Qe6 Re7 85.Qxe7 Bxe7+
86.Kf7 Bf8 87.Kxf8  1/2-1/2

[Event "TCh-SUI 2011"]
[Site "Lausanne SUI"]
[Date "2011.10.22"]
[Round "8.5"]
[White "Flueckiger,C"]
[Black "Steenhuis,J"]
[Result "1-0"]
[WhiteElo "2349"]
[BlackElo "2103"]

1.e4 c5 2.Nf3 d6 3.Bb5+ Nd7 4.d4 cxd4 5.Qxd4 e5 6.Qd3 h6 7.O-O Nf6 8.c4 a6
9.Bxd7+ Bxd7 10.Nc3 Be7 11.Ne1 O-O 12.Nc2 Rc8 13.Ne3 Re8 14.b3 b5 15.cxb5 Rxc3
16.Qxc3 Bxb5 17.Rd1 Nxe4 18.Qc2 Ng5 19.Nd5 Ne6 20.a4 Bd7 21.Be3 Bg5 22.Qc4 Bxe3
23.fxe3 Bc8 24.Rac1 Bb7 25.Qb4 Ba8 26.Qg4 Bxd5 27.Rxd5 Qb6 28.Rc3 Nc5 29.Qc4 Re6
30.h3 Kh7 31.b4 Nd7 32.a5 Qb7 33.Rcd3 Rg6 34.e4 f5 35.Rxd6 Nf6 36.Qc6 Qxb4
37.exf5 Qe1+ 38.Kh2 Qg3+ 39.Rxg3  1-0

[Event "Chigorin Memorial Open"]
[Site "St Petersburg RUS"]
[Date "2011.10.22"]
[Round "9.108"]
[White "Bondarev,I"]
[Black "Kopasov,E"]
[Result "0-1"]
[WhiteElo "1892"]
[BlackElo "2059"]

1.e4 c5 2.Nf3 d6 3.Bb5+ Bd7 4.Bxd7+ Qxd7 5.c4 Nf6 6.Nc3 g6 7.d4 cxd4 8.Nxd4 Bg7
9.f3 O-O 10.O-O Rc8 11.b3 d5 12.exd5 Nxd5 13.Nce2 Nc3 14.Nxc3 Bxd4+ 15.Kh1 Bxc3
16.Rb1 Qxd1 17.Rxd1 Nc6 18.Rd7 Rd8 19.Rxd8+ Rxd8 20.Be3 Bd2  0-1

[Event "33rd Arco Open"]
[Site "Arco ITA"]
[Date "2011.10.23"]
[Round "2"]
[White "Roversi,S"]
[Black "Bruno,El"]
[Result "0-1"]
[WhiteElo "1822"]
[BlackElo "1641"]

1.e4 c5 2.Nf3 d6 3.Bb5+ Bd7 4.Bxd7+ Nxd7 5.O-O g6 6.d4 cxd4 7.Qxd4 Ngf6 8.Nc3 Bg7
9.Bg5 O-O 10.Qd2 Rc8 11.Bh6 Nc5 12.Bxg7 Kxg7 13.Rfe1 Qb6 14.Rab1 Qc6 15.e5 Nfe4
16.Nxe4 Nxe4 17.Qd4 d5 18.c3 e6 19.h3 a6 20.Nh2 Qc5 21.Rbc1 Qxd4 22.cxd4 h5
23.Nf1 Ng5 24.h4 Nh7 25.Nd2 g5 26.g3 gxh4 27.gxh4 Kh6 28.Kh2 b6 29.f4 Rg8
30.Kh3 Rxc1 31.Rxc1 Rg4 32.Rf1 Nf8 33.f5 Rxd4 34.Nb3 Re4 35.fxe6 Nxe6 36.Rxf7 Rxe5
37.Rd7 Re3+ 38.Kh2 Nf4 39.Rd6+ Re6 40.Rd8 Re2+ 41.Kg3 Re4 42.Rd6+ Re6 43.Rd8 Nd3
44.Rxd5 Nxb2 45.Nd4 Rg6+ 46.Kf3 Rf6+ 47.Ke4 Na4 48.Nf5+ Kg6 49.Rd6 Rxd6 50.Nxd6 Nc3+
51.Kd4 Nxa2 52.Ne8 b5 53.Kc5 b4 54.Kc4 a5 55.Kb3 Nc1+ 56.Kc2 Ne2  0-1

[Event "TCh-CZE Liga1 Vychod"]
[Site "Czech Rep CZE"]
[Date "2011.10.23"]
[Round "2"]
[White "Kulovana, Eva"]
[Black "Butkiewicz, Lukasz"]
[Result "0-1"]
[WhiteElo "2300"]
[BlackElo "2430"]

1.e4 c5 2.Nf3 d6 3.Bb5+ Bd7 4.Bxd7+ Qxd7 5.c4 Nc6 6.d4 cxd4 7.Nxd4 g6 8.Nc3 Bg7
9.Nde2 Nf6 10.f3 O-O 11.O-O a6 12.a4 e6 13.Bg5 Qc7 14.Rb1 Na5 15.Kh1 Nxc4
16.b3 Ne5 17.Qd2 Rac8 18.Rbd1 Qa5 19.Bxf6 Bxf6 20.Nd5 Qd8 21.Nxf6+ Qxf6 22.Qxd6 Rfd8
23.Qb6 Rxd1 24.Rxd1 Rc2 25.Ng1 Qg5 26.Qd8+ Qxd8 27.Rxd8+ Kg7 28.Rb8 Nd3 29.h4 Rc7
30.Ne2 Nc5 31.Ng3 Nxb3 32.e5 Nc5 33.f4 f5 34.exf6+ Kxf6 35.a5 Ke7 36.h5 gxh5
37.Nxh5 Kd6 38.g4 Rf7 39.g5 Ne4 40.Rc8 e5 41.Re8 Re7 42.Rxe7 Kxe7 43.fxe5 Nxg5
44.Ng7 Nf7 45.e6 Nd8 46.Kg2 Nxe6 47.Nf5+ Kd7 48.Kf3 Nc5 49.Nd4 Kd6 50.Ke3 Kd5
51.Nf5 Nb3  0-1

[Event "TCh-CZE Liga1 Vychod"]
[Site "Czech Rep CZE"]
[Date "2011.10.23"]
[Round "2"]
[White "Kislinsky, Alexey"]
[Black "Vyskocil, Neklan"]
[Result "1/2-1/2"]
[WhiteElo "2528"]
[BlackElo "2308"]

1.e4 c5 2.Nf3 d6 3.Bb5+ Bd7 4.Bxd7+ Qxd7 5.O-O Nc6 6.c3 Nf6 7.d4 cxd4 8.cxd4 d5
9.e5 Ne4 10.Ne1 h6 11.Be3 e6 12.Nd3 Be7 13.f3 Ng5 14.Nc3 Rc8 15.f4 Ne4 16.Rc1 Nxc3
17.Rxc3 O-O 18.Qd2 b6 19.Rfc1 Na5 20.b3 Rc6 21.f5 Rxc3 22.Qxc3 exf5 23.Qc7 Rd8
24.Qxd7 Rxd7 25.Rc8+ Kh7 26.Bd2 Nb7 27.Bb4 Bg5 28.Kf2 Nd8 29.g3 h5 30.h4 Bh6
31.Bd6 Ne6 32.Nb4 Nxd4 33.Nxd5 Ne6 34.b4 f4 35.a4 fxg3+ 36.Kxg3 f6 37.Nc7 Nd4
38.Kh3 fxe5 39.Bxe5 Nc6 40.Ne6 Rd3+ 41.Bg3 Nxb4 42.Nf8+ Kg8 43.Nd7+ Kh7 44.Nf8+  1/2-1/2

[Event "TCh-SUI 2011"]
[Site "Lausanne SUI"]
[Date "2011.10.23"]
[Round "9.3"]
[White "Marciano,D"]
[Black "Gallagher,Jo"]
[Result "1/2-1/2"]
[WhiteElo "2518"]
[BlackElo "2501"]

1.e4 c5 2.Nf3 d6 3.Bb5+ Bd7 4.Bxd7+ Qxd7 5.c4 Nf6 6.Nc3 g6 7.d4 cxd4 8.Nxd4 Bg7
9.f3 O-O 10.O-O Rc8 11.b3 d5 12.exd5 Nxd5 13.Nxd5 e6 14.Bh6 exd5 15.Bxg7 Kxg7
16.Nb5 dxc4 17.Nd6 Rd8 18.Nxb7 Qxd1 19.Raxd1 Rxd1 20.Rxd1 cxb3 21.axb3 Nc6  1/2-1/2

[Event "26th Le Touquet Open"]
[Site "Le Touquet FRA"]
[Date "2011.10.23"]
[Round "2.31"]
[White "Hochart,J"]
[Black "Warnault,P"]
[Result "0-1"]
[WhiteElo "1977"]
[BlackElo "1766"]

1.e4 c5 2.Nf3 d6 3.Bb5+ Nc6 4.O-O a6 5.Bxc6+ bxc6 6.b3 Nf6 7.Re1 e5 8.c3 Bg4
9.h3 Bh5 10.d4 cxd4 11.cxd4 Nd7 12.Bb2 Be7 13.g4 Bg6 14.dxe5 dxe5 15.Nxe5 Nxe5
16.Qxd8+ Rxd8 17.Bxe5 f6 18.Bc3 Rd3 19.Kg2 h5 20.f3 hxg4 21.hxg4 Kd7 22.e5 f5
23.e6+ Ke8 24.Bxg7 Rh7 25.Be5 fxg4 26.fxg4 Rh4 27.Nc3 Rxg4+ 28.Kh2 Bb4 29.Rac1 Bf5
30.Re2 Rg6  0-1

[Event "12th Liberec Open"]
[Site "Liberec CZE"]
[Date "2011.10.24"]
[Round "3"]
[White "Hanus,Jan"]
[Black "Helgadottir,S"]
[Result "0-1"]
[WhiteElo "1485"]
[BlackElo "1716"]

1.e4 c5 2.Nf3 d6 3.Bb5+ Nc6 4.O-O Bd7 5.Re1 g6 6.c3 Bg7 7.Bxc6 Bxc6 8.d4 b6
9.d5 Bd7 10.h3 Nf6 11.e5 dxe5 12.Nxe5 O-O 13.c4 Qc7 14.Bf4 Qb7 15.Nc3 Rfd8
16.Qe2 Be8 17.Rad1 b5 18.b3 a6 19.Ne4 Rac8 20.d6 Nxe4 21.Qxe4 Qxe4 22.Rxe4 exd6
23.Ng4 f5 24.Nf6+ Bxf6 25.Re6 Bd4 26.Bg5 Rd7 27.Rde1 Bf7 28.Re7 Rxe7 29.Rxe7 bxc4
30.bxc4 Bxc4 31.Rd7 d5 32.Ra7 Re8 33.Bh6 Bf6 34.f4 d4 35.g4 d3 36.g5 Bd4+  0-1

[Event "33rd Arco Open"]
[Site "Arco ITA"]
[Date "2011.10.25"]
[Round "4"]
[White "Mumelter,I"]
[Black "Bacchelli,A"]
[Result "1-0"]
[WhiteElo "1876"]
[BlackElo "1789"]

1.e4 c5 2.Nf3 d6 3.Bb5+ Bd7 4.Bxd7+ Qxd7 5.O-O Nc6 6.c3 Nf6 7.d4 cxd4 8.cxd4 Nxe4
9.d5 Nb4 10.Qd4 Nc2 11.Qxe4 Nxa1 12.Nc3 g6 13.Be3 Nb3 14.axb3 Bg7 15.Re1 O-O
16.Nd4 Bf6 17.f4 Rfe8 18.Nce2 Rac8 19.f5 Kg7 20.g4 g5 21.h4 h6 22.hxg5 hxg5
23.Nf3 Rh8 24.Ng3 Rhe8 25.Nxg5 Bxg5 26.Bxg5 f6 27.Be3 b6 28.Bd4 Rh8 29.Qxe7+ Qxe7
30.Rxe7+ Kf8 31.Re2 Rh4 32.Bxf6 Rxg4 33.Kf2 Rb4 34.Be7+ Kf7 35.Bxd6 Rxb3
36.Be5 Rd3 37.Ne4 Rd8 38.Ng5+ Kg8 39.d6 R8xd6 40.Bxd6 Rxd6 41.Kf3 Rd5 42.Kf4 Kg7
43.Re7+  1-0

[Event "26th Le Touquet Open"]
[Site "Le Touquet FRA"]
[Date "2011.10.25"]
[Round "5.13"]
[White "Rigolot,L"]
[Black "Bianchi,Guilla"]
[Result "0-1"]
[WhiteElo "1981"]
[BlackElo "2202"]

1.e4 c5 2.Nf3 d6 3.Bb5+ Bd7 4.Bxd7+ Qxd7 5.c4 Nc6 6.d4 cxd4 7.Nxd4 Nf6 8.Nc3 g6
9.f3 Bg7 10.Be3 O-O 11.Rc1 Rfc8 12.Nde2 Qd8 13.O-O Qa5 14.Qd2 a6 15.b3 b5
16.c5 dxc5 17.Bxc5 e6 18.a3 Rd8 19.Qa2 Nd7 20.Be3 Nde5 21.f4 Nd3 22.Rc2 Rac8
23.b4 Qc7 24.Qb3 Qb8 25.Rd1 a5 26.Na2 a4 27.Qb1 Nb2 28.Rxd8+ Rxd8 29.Rxb2 Bxb2
30.Qxb2 Qd6 31.Nac3 Qd3 32.Kf2 h5 33.e5 Ne7 34.Nd4 Rxd4 35.Nxb5 Rc4 36.Nd4 Nf5
37.Qe2 Rxd4 38.Bxd4 Qxd4+ 39.Kf1 Qxf4+ 40.Qf3 Qc1+ 41.Kf2 Qd2+ 42.Qe2 Qd4+
43.Kf1 Qa1+ 44.Kf2 Qxa3 45.Qd2 Kg7 46.g3 Qb3 47.Qg5 Qb2+ 48.Kg1 Qxe5 49.Qd2 Qd4+
50.Qxd4+ Nxd4 51.Kf2 a3  0-1

[Event "29th Muensterland Open"]
[Site "Senden GER"]
[Date "2011.10.26"]
[Round "7.9"]
[White "Rueberg,J"]
[Black "Koke,C"]
[Result "1/2-1/2"]
[WhiteElo "2162"]
[BlackElo "2121"]

1.e4 c5 2.Nf3 d6 3.Bb5+ Bd7 4.Bxd7+ Qxd7 5.O-O Nc6 6.c3 Nf6 7.Qe2 e6 8.d4 cxd4
9.cxd4 d5 10.e5 Ne4 11.Be3 Be7 12.Ne1 f6 13.f3 Ng5 14.Qd2 Nf7 15.f4 O-O 16.Nd3 Nh6
17.Nc3 Ng4 18.h3 Nxe3 19.Qxe3 fxe5 20.fxe5 Rac8 21.Ne2 Nb4 22.Rxf8+ Bxf8
23.Nxb4 Bxb4 24.Rf1 Rf8  1/2-1/2

[Event "12th Liberec Open"]
[Site "Liberec CZE"]
[Date "2011.10.27"]
[Round "6"]
[White "Noordhoek,H"]
[Black "Bednar,Ma"]
[Result "1-0"]
[WhiteElo "2118"]
[BlackElo "2257"]

1.e4 c5 2.Nf3 d6 3.Bb5+ Bd7 4.Bxd7+ Qxd7 5.O-O Nc6 6.c4 g6 7.d4 cxd4 8.Nxd4 Bg7
9.Be3 Nf6 10.f3 O-O 11.Nc3 Rfc8 12.b3 a6 13.a4 Qd8 14.Qd2 Qa5 15.Rfd1 Rab8
16.Rab1 Rc7 17.g3 Rbc8 18.Nde2 Rd7 19.Kg2 e6 20.Nf4 Ng4 21.fxg4 Bxc3 22.Qf2 b5
23.Bb6 Qb4 24.Bc5 dxc5 25.Rxd7 Bd4 26.Qf1 Ne5 27.Rb7 Nxg4 28.Qe2 Ne3+ 29.Kh1 Qa5
30.Qf3 Rf8 31.axb5 axb5 32.Rxb5 Qa2 33.Re1 h5 34.Rxe3 Bxe3 35.Qxe3 Rd8 36.Ne2 h4
37.Kg2 hxg3 38.hxg3 Qc2 39.Kf2 e5 40.Rb7 Rf8 41.g4 Qb1 42.Qf3 Qd1 43.Kg2 Qd2
44.Kg3 Qe1+ 45.Qf2 Qh1 46.Qf3 Qe1+ 47.Kg2 Qd2 48.Ra7 Kg7 49.Kf2 Qg5 50.Rd7 Kg8
51.Ng3 Qh4 52.Kg2 Qg5 53.Qd1 Qh4 54.Rd2 Rb8 55.Rf2 Rd8 56.Qf3 Qe7 57.Qf6 Qxf6
58.Rxf6  1-0

[Event "19th Skopje Open"]
[Site "Skopje MKD"]
[Date "2011.10.27"]
[Round "4"]
[White "Koskoska,G"]
[Black "Krivokapic,M"]
[Result "0-1"]
[WhiteElo "2117"]
[BlackElo "2413"]

1.e4 c5 2.Nf3 d6 3.Bb5+ Nd7 4.O-O Nf6 5.e5 dxe5 6.Nxe5 a6 7.Bxd7+ Nxd7 8.d4 cxd4
9.Qxd4 f6 10.Nc4 e5 11.Nd6+ Bxd6 12.Qxd6 Qe7 13.Qc7 Nc5 14.Qxe7+ Kxe7 15.Be3 Ne6
16.Nc3 Bd7 17.Nd5+ Kf7 18.Nb6 Rad8 19.Nxd7 Rxd7 20.Rfd1 Rhd8 21.Rxd7+ Rxd7
22.Kf1 f5 23.Ke1 f4 24.Bb6 Kf6 25.f3 Kf5 26.c3 e4 27.fxe4+ Kxe4 28.Ke2 g5
29.h3 h5 30.Re1 g4 31.hxg4 hxg4 32.Kf2+ Kf5 33.Ke2 Rh7 34.Rd1 Rh2 35.Kf1 f3
36.gxf3 gxf3 37.Rd5+ Ke4 38.Rd6 Ke5 39.Rd7 Rxb2 40.Rxb7 Rxa2 41.Rf7 Ng5 42.Re7+ Kf5
43.Be3 Ne4 44.Rf7+ Kg4 45.Rg7+ Kh5 46.Kg1 Ra1+ 47.Kh2 f2 48.Bxf2 Nxf2 49.c4 Ng4+
50.Kg3 Ne5 51.Rc7 Kg5 52.c5 Ra3+ 53.Kf2 Kf5 54.Ke2 Ke6 55.Kd2 Kd5 56.Kc2 Nc6
57.Kb2 Rh3 58.Rg7 Kxc5 59.Rg5+ Kb4 60.Rg4+ Kb5 61.Rg5+ Ka4 62.Rg6 Nb4 63.Rg4 Rh2+
64.Kc3 Rc2+ 65.Kd4 a5 66.Rg5 Kb3  0-1

[Event "Corsica Masters 2011"]
[Site "Bastia FRA"]
[Date "2011.10.28"]
[Round "9.2"]
[White "Jones,G"]
[Black "Cheparinov,I"]
[Result "1-0"]
[WhiteElo "2624"]
[BlackElo "2650"]

1.e4 c5 2.Nf3 d6 3.Bb5+ Nd7 4.d4 cxd4 5.Qxd4 a6 6.Bxd7+ Bxd7 7.c4 Bg4 8.Nc3 e6
9.Be3 Ne7 10.Nd2 Nc6 11.Qb6 Qxb6 12.Bxb6 Be7 13.h3 Bh5 14.g4 Bg6 15.f4 f6
16.b3 h5 17.Kf2 Rc8 18.Nf3 Bf7 19.Rhd1 g5 20.f5 Ne5 21.Nxe5 dxe5 22.Kg3 Rc6
23.Na4 exf5 24.exf5 Rd6 25.Rxd6 Bxd6 26.Rd1 Ke7 27.Bc5 Bxc5 28.Nxc5 Be8 29.Nxb7 Bc6
30.Na5 Be4 31.b4 Rd8 32.Rxd8 h4+ 33.Kf2 Kxd8 34.Nb3 Kc7 35.Nc5 Bb1 36.Nxa6+ Kb6
37.Nc5  1-0

[Event "33rd Arco Open"]
[Site "Arco ITA"]
[Date "2011.10.29"]
[Round "8"]
[White "De Simone Sorrentino,F"]
[Black "Sparber,Werner"]
[Result "0-1"]
[WhiteElo "1705"]
[BlackElo "1788"]

1.e4 c5 2.Nf3 d6 3.Bb5+ Bd7 4.Bxd7+ Nxd7 5.O-O Ngf6 6.Nc3 g6 7.d3 Bg7 8.Bf4 Nh5
9.Be3 O-O 10.Qd2 Re8 11.Ng5 Ne5 12.Qe2 Qd7 13.f4 Ng4 14.Bd2 Bd4+ 15.Kh1 a6
16.f5 Ne5 17.Nd1 Nc6 18.c3 Bf6 19.g4 Ng7 20.Nf3 Ne5 21.Ne3 Nxf3 22.Qxf3 Rf8
23.Nd5 Be5 24.Nb6 Qb5 25.Nxa8 Qxb2 26.Bf4 Bxf4 27.Qxf4 Rxa8 28.fxg6 f6 29.Qh6 hxg6
30.Qxg6 Qxc3 31.Rad1 b5 32.g5 Rf8 33.h4 Qe5 34.Rf3 Qe6 35.Rf5 Qf7 36.Qxf7+ Kxf7
37.Rf3 Rh8 38.gxf6 Rxh4+ 39.Kg2 exf6 40.Rdf1 Rh6 41.Rb1 Ne6 42.Rc1 Rg6+ 43.Kf1 Nd4
44.Rh3 a5 45.Rh7+ Ke6 46.Kf2 a4 47.Ra7 Rg4 48.Ra6 Rf4+ 49.Kg2 Ke5 50.Rh1 f5
51.Rh5 Rf3 52.exf5 Rxf5 53.Rh6 Ne6 54.Kg3 Kd5 55.Kg4 Re5 56.Kf3 Nd4+ 57.Kg2 Re2+
58.Kf1 Rxa2 59.Rh5+ Ke6 60.Rh6+ Ke5 61.Rhxd6 b4 62.Rh6 b3 63.Rh5+ Nf5 64.d4+ Kf4
65.Rf6 b2 66.Rhxf5+ Ke4 67.Rf4+ Kd3  0-1

[Event "Corsica Masters KO 2011"]
[Site "Bastia FRA"]
[Date "2011.10.29"]
[Round "3.4"]
[White "Anand,V"]
[Black "Sasikiran,K"]
[Result "1-0"]
[WhiteElo "2817"]
[BlackElo "2689"]

1.e4 c5 2.Nf3 d6 3.Bb5+ Nd7 4.d4 Nf6 5.Nc3 cxd4 6.Qxd4 e5 7.Qd3 h6 8.Be3 a6
9.Bc4 b5 10.Bb3 Be7 11.a4 b4 12.Nd5 Bb7 13.Nd2 Nxd5 14.Bxd5 Bxd5 15.Qxd5 O-O
16.Nc4 Rc8 17.O-O Nf6 18.Qd3 d5 19.exd5 e4 20.Qe2 Qc7 21.Nb6 Qxc2 22.Qxa6 Rcd8
23.a5 Qxb2 24.Qb7 Qe5 25.Nc4 Qxd5 26.Qxe7 Qxc4 27.Rfc1 Qb5 28.Qc5 Qa6 29.Qxb4 Nd5
30.Qxe4 Rfe8 31.Qc4 Qa8 32.Bb6 Rc8 33.Qd4 Rxc1+ 34.Rxc1 Nf6 35.h3 Ne4 36.Re1 Nf6
37.Rxe8+ Nxe8  1-0

[Event "38th ch-IND w 2011"]
[Site "Chennai IND"]
[Date "2011.10.29"]
[Round "1"]
[White "Saranya,J"]
[Black "Padmini,R"]
[Result "1/2-1/2"]
[WhiteElo "2106"]
[BlackElo "2356"]

1.e4 c5 2.Nf3 d6 3.Bb5+ Nc6 4.O-O Bd7 5.Re1 Nf6 6.c3 a6 7.Bf1 Bg4 8.h3 Bh5
9.d3 e6 10.Nbd2 Be7 11.Nc4 d5 12.exd5 Nxd5 13.a4 O-O 14.a5 h6 15.Be2 Bg6
16.Nfe5 Nxe5 17.Nxe5 Bh7 18.Bf3 Rc8 19.Ra4 Rc7 20.d4 Bf6 21.Ng4 Be7 22.Ne5 Bf6
23.Ng4 Be7 24.Ne5 Bf6  1/2-1/2

[Event "Frauenbundesliga 2011-12"]
[Site "Germany GER"]
[Date "2011.10.29"]
[Round "1.6"]
[White "Genova, Lyubka"]
[Black "Schut, Lisa"]
[Result "1/2-1/2"]
[WhiteElo "2259"]
[BlackElo "2290"]

1.e4 c5 2.Nf3 d6 3.Bb5+ Bd7 4.Bxd7+ Qxd7 5.c4 Nf6 6.Nc3 g6 7.d4 cxd4 8.Nxd4 Bg7
9.h3 Qc7 10.Qd3 Nc6 11.Ndb5 Qd8 12.Be3 a6 13.Nd4 Ne5 14.Qe2 Rc8 15.b3 b5
16.f4 Ned7 17.O-O O-O 18.Rad1 Nh5 19.Qd3 bxc4 20.bxc4 e5 21.Nde2 exf4 22.Bxf4 Nxf4
23.Rxf4 Be5 24.Rff1 Nb6 25.Nd5 Nxd5 26.cxd5 Qb6+ 27.Kh1 Qb2 28.Rd2 Qb4 29.Rb1 Qa5
30.Nd4 Rc3 31.Qe2 Bf4 32.Rd3 Rxd3 33.Qxd3 Qxa2 34.Rf1 Qd2 35.Qxa6 Qe3 36.Ne2 Be5
37.Qc4 Ra8 38.Qc6 Ra7 39.Ng1 Qg3 40.Nf3 Ra2 41.Rg1 Rxg2 42.Qc8+ Kg7 43.Rxg2 Qxf3
44.Qg4 Qe3 45.Rg1 h5 46.Qg2 Qc3 47.Rf1 Bf6 48.Qf3 Qe5 49.Qf4 Qe7 50.Qf3 Be5
51.Rb1 Qc7 52.Rg1 Qe7 53.Rb1 Qh4 54.Rf1 Kh6 55.Qg2 f6 56.Qf3 g5 57.Kg2 g4
58.Qe3+ Kg6 59.Rh1 gxh3+ 60.Rxh3 Qg4+ 61.Kf1 h4 62.Qf3 Qg5 63.Qh1 Bg3 64.Ke2 Qe5
65.Kd3 f5 66.exf5+ Qxf5+ 67.Ke3 Qf2+ 68.Kd3 Qf5+ 69.Ke3 Qg5+ 70.Kd3 Qf5+  1/2-1/2

[Event "Frauenbundesliga 2011-12"]
[Site "Germany GER"]
[Date "2011.10.29"]
[Round "1.6"]
[White "Wolf, Sylvia"]
[Black "Schmidt, Jade"]
[Result "1-0"]
[WhiteElo "2073"]
[BlackElo "2098"]

1.e4 c5 2.Nf3 d6 3.Bb5+ Bd7 4.a4 Nf6 5.Nc3 Nc6 6.O-O e5 7.d3 Be7 8.Bg5 O-O
9.Bxf6 Bxf6 10.Nd5 Be6 11.Bxc6 bxc6 12.Nxf6+ Qxf6 13.Qe1 Rab8 14.b3 Qe7 15.Nd2 f5
16.f4 fxe4 17.Qxe4 Bd5 18.Qe3 Rbe8 19.c4 Bf7 20.Rae1 Qc7 21.f5 Rb8 22.Qg5 Qd8
23.Qg4 Kh8 24.Re3 Qe7 25.Rg3 Be8 26.Ne4 Rb7 27.f6 gxf6 28.Rxf6 Rxb3 29.h4 Bg6
30.Rxg6 hxg6 31.Qxg6 Rb1+ 32.Kh2 Qh7 33.Qxd6 Rbf1 34.Qxe5+  1-0

[Event "World Youth U16 Ol"]
[Site "Kocaeli TUR"]
[Date "2011.10.29"]
[Round "8.17"]
[White "Beradze,I"]
[Black "Wong,J"]
[Result "1-0"]
[WhiteElo "2294"]
[BlackElo "1960"]

1.e4 c5 2.Nf3 d6 3.Bb5+ Nd7 4.c3 Nf6 5.Qe2 e5 6.O-O Be7 7.Ba4 O-O 8.d3 Rb8
9.Bc2 Re8 10.a4 Bf8 11.Bb3 h6 12.Nh4 Nb6 13.a5 Na8 14.Qf3 Be6 15.Bxe6 Rxe6
16.Nf5 d5 17.c4 dxe4 18.dxe4 Nc7 19.Nc3 Qe8 20.Re1 Kh7 21.Qh3 Ng8 22.Nd5 Rc8
23.Nfe3 g6 24.Ra3 Bg7 25.Rb3 Qc6 26.Ng4 Rf8 27.Rf3 Ne8 28.Nge3 Nef6 29.Qh4 Qa6
30.Bd2 Nxd5 31.cxd5 Rf6 32.Rh3 Qd3 33.Nf1 Qc2 34.b3 Rc8 35.Rc1 Qa2 36.Qg4 Rc7
37.Qd1 c4 38.Rc2 Qa3 39.Rxc4 Rxc4 40.bxc4 Qc5 41.Ne3 Qd4 42.Qc2 Qa1+ 43.Nf1 Bf8
44.Bc3  1-0

[Event "8th Lippe Cup"]
[Site "Lieme GER"]
[Date "2011.10.29"]
[Round "3.14"]
[White "Hagedorn,A"]
[Black "Lamek,D"]
[Result "1/2-1/2"]
[WhiteElo "1945"]
[BlackElo "1891"]

1.e4 c5 2.Nf3 d6 3.Bb5+ Bd7 4.Bxd7+ Nxd7 5.O-O Ngf6 6.Re1 e6 7.c3 Be7 8.d4 O-O
9.Bg5 h6 10.Bf4 cxd4 11.cxd4 e5 12.dxe5 dxe5 13.Nxe5 Nxe5 14.Bxe5 Qxd1 15.Rxd1 Nxe4
16.Nc3  1/2-1/2

[Event "33rd Arco Open"]
[Site "Arco ITA"]
[Date "2011.10.30"]
[Round "9"]
[White "De Eccher,S"]
[Black "Hocke,Sebastian"]
[Result "1/2-1/2"]
[WhiteElo "2259"]
[BlackElo "1904"]

1.e4 c5 2.Nf3 d6 3.Bb5+ Bd7 4.a4 Nc6 5.d3 g6 6.O-O Bg7 7.Nbd2 e6 8.Nc4 Qc7
9.Re1 Nge7 10.Bg5 h6 11.Bxe7 Kxe7 12.Qd2 a6 13.Bxc6 Bxc6 14.a5 d5 15.exd5 Bxd5
16.Nfe5 Bxc4 17.Nxc4 Rad8 18.Rab1 Rd5 19.b4 Rb8 20.bxc5 Rxc5 21.Rb3 Kf8 22.Reb1 Kg8
23.Qe3 Kh7 24.h3 h5 25.Rb6 Rd5 26.Qe4 Bd4 27.R6b3 Kg7 28.c3 Bf6 29.Ne3 Rxa5
30.Rxb7 Rxb7 31.Rxb7 Ra1+ 32.Nf1 Qe5 33.Qxe5 Bxe5 34.d4 Bf6 35.f4 a5 36.Kf2 a4
37.Ra7 h4 38.Nd2 a3 39.Ra8 a2 40.Ra7 Rc1 41.Rxa2 Rxc3 42.Nf3 Rc4  1/2-1/2